| 000 | 01426cam a22003614a 4500 | ||
|---|---|---|---|
| 001 | 16370734 | ||
| 003 | OSt | ||
| 005 | 20230605120501.0 | ||
| 008 | 100802s2010 ke ab b 001 0 eng | ||
| 010 | _a 2010305643 | ||
| 020 | _z9789966786139 | ||
| 040 |
_aDLC _cDLC |
||
| 042 | _alcode | ||
| 043 | _af-ke--- | ||
| 050 | 0 | 0 |
_aJQ2947.A975 _bT46 2010 |
| 082 |
_a324.6762 _bKAN |
||
| 245 | 0 | 0 |
_aTensions and Reversals in Democratic Transitions : _bthe Kenya 2007 General Elections / _cedited by Karuti Kanyinga and Duncan Okello. |
| 260 |
_aNairobi : _bSociety for International Development : _bInstitute for Development Studies, University of Nairobi, _c2010. |
||
| 300 |
_axxi, 724 p. : _bill. (some col.), col. maps ; _c25 cm. |
||
| 504 | _aIncludes bibliographical references and index. | ||
| 650 | 0 |
_aElections _xCorrupt practices _zKenya. |
|
| 650 | 0 |
_aPresidents _zKenya _xElection _y2007. |
|
| 650 | 0 |
_aPolitical culture _zKenya. |
|
| 650 | 0 |
_aPolitical violence _zKenya. |
|
| 650 | 0 |
_aKenya _xPolitics and government _y2002- |
|
| 700 | 1 | _aKanyinga, Karuti. | |
| 700 | 1 | _aOkello, Duncan. | |
| 710 | 2 |
_aSociety for International Development. _bRegional Office for Eastern Africa. |
|
| 710 | 2 |
_aUniversity of Nairobi. _bInstitute for Development Studies. |
|
| 906 |
_a7 _bcbc _corigode _d3 _encip _f20 _gy-gencatlg |
||
| 942 |
_2ddc _cBK |
||
| 999 |
_c353 _d353 |
||